000 00602aam a2200229 4500
005 20170126145808.0
008 150427b xxu||||| |||| 00| 0 spa d
041 _aspa
082 _a155.2 S462a
100 _aSeiwert, Lothar
_934681
100 _aGay, Friedbert
_934682
245 _aEl abc de la personalidad
260 _aCosta Rica
_bLil
_c2008
300 _a136 páginas
650 _aPERSONALIDAD
_9265
650 _aMANEJO DE TIEMPO
_934683
650 _aLIDERAZGO
_922
650 _aTRABAJO EN EQUIPO
_9731
650 _aPAREJA
_917990
650 _aEDUCANDO NIÑOS
_934684
942 _cBK
999 _c4999
_d4999